Underhill and Hayton law relating to trusts and trusttees

Bibliographic Details
Main Authors: Underhill, Sir Arthur (Author), Hayton, David J. (Author)
Format: Book
Language:English
Published: London : Butterworths , 1987
Edition:14th ed. by David J.Hayton
Subjects:

MARC

LEADER 00000cam a2200000 7i4500
001 0000002446
005 20210310093000.0
008 021118s1987 enk eng
020 |a 040640593X 
050 0 0 |a d60 KD1480   |b .U57 1987 
090 0 0 |a d60 KD1480   |b .U57 1987 
100 1 |a Underhill, Sir Arthur ,   |e author 
245 0 0 |a Underhill and Hayton law relating to trusts and trusttees   |c Sir Arthur Underhill, David Hayton 
250 |a 14th ed. by David J.Hayton 
260 2 |a London :   |b Butterworths ,   |c 1987 
300 |a cxxxv, 858 p. ; ;   |c 26 cm. + 1 supplement (xx,24 p.: 26 cm.). 
500 |a Includes index 
650 0 |a Trusts and trustees   |z Great Britain 
700 0 |a Hayton, David J. ,   |e author 
740 0 2 |a Law of trusts and trustees 
740 0 2 |a Law relating to trusts and trustees 
740 0 2 |a Underhill and Hayton law of trusts and trustees 
999 |a 1000037289   |b Book   |c Reference   |e Gong Badak Campus